| 000 | 00998pam a2200253 a 4500 | ||
|---|---|---|---|
| 001 | 2909936 | ||
| 005 | 20241023110338.0 | ||
| 008 | 880606s1989 nyua fb 001 0 eng | ||
| 010 | _a 88013187 | ||
| 020 | _a0070209820 | ||
| 040 |
_aDLC _cDLC _dDLC |
||
| 050 | 0 | 0 |
_aTK7825 _b.E34 1989 |
| 082 | 0 | 0 |
_a621.3810202,FIN _219 |
| 245 | 0 | 0 |
_aElectronics engineers' handbook / _cDonald G. Fink, editor, Donald Christiansen, editor. |
| 250 | _a3rd ed. | ||
| 260 |
_aNew York : _bMcGraw-Hill, _cc1989. |
||
| 300 |
_a1 v. (various paginations) : _bill. ; _c25 cm. |
||
| 505 | _aPart 1:- Principles Employed in Electrical Engineering (Various Pages), Part 2:- Materials Devices Components and assemblies (Various Pages), Part 3:- Electronic Circuits and Functions (Various Pages). | ||
| 650 | 0 |
_aElectronics _xHandbooks, manuals, etc. _941497 |
|
| 700 | 1 |
_aFink, Donald G. _941620 |
|
| 700 | 1 |
_aChristiansen, Donald. _937626 |
|
| 906 |
_a7 _bcbc _corignew _d1 _eocip _f19 _gy-gencatlg |
||
| 942 |
_2ddc _cREF |
||
| 999 |
_c590927 _d590927 |
||